000 00401nam a2200157 4500
001 117857
003 ES-MaACL
005 20230906191001.0
007 t|
008 070214s1963 sp r ||||1| spa d
100 1 _aPapini, Viola.
_988875
245 1 0 _aY tu hija miraba /
_cViola Papini.
260 _aMadrid :
_bFax,
_c1963.
300 _a205 p. ;
_c24 cm.
852 _aES-MaACL
_jC-23830
_bR.52479
999 _c117857
_d117857